Statistics for Australian States and Territories Flag Map Quiz

Click here to take the quiz!

General Stats

  • This quiz has been taken 604 times
  • The average score is 4 of 8

Answers on the Map

Answers color-coded by a green-red scale on the quiz's map according to % correct below.
 

Answer Stats

Answer% Correct
70%
62%
58%
55%
54%
53%
47%
45%

Score Distribution

Percentile by Number Answered

Percent of People with Each Score

Your Score History

You have not taken this quiz